000 00537nam a22001817a 4500
005 20240305131955.0
008 220828b ||||| |||| 00| 0 eng d
040 _cSSBUL
082 _223
_a294.3824
_bTi
100 0 _aTin Mon,
_cMehm, Dr.
_96594
245 1 4 _aThe essence of Buddha Abhidhamma /
_cDr. Mehm Tin Mom.
260 _aYangon :
_b Yadanar Min Literature,
_c1995.
300 _axiv, 449 pages ;
_c18 cm.
500 _aS-SAT: Prof. Sai Aung Tun
500 _aIncludes index
650 _aAbhidhamma.
_95486
942 _2ddc
_cBK1
999 _c32332
_d32332